Propuesta de un modelo del espacio y la relación para investigar el cambio social, y aplicación al análisis sociológico del complejo de Edipo. / (Record no. 99493)

MARC details
000 -LEADER
campo de control de longitud fija 00640nam a2200169 i 4500
001 - NÚMERO DE CONTROL
campo de control 99493
003 - IDENTIFICADOR DE NÚMERO DE CONTROL
campo de control ES-MaACL
005 - FECHA Y HORA DE LA ÚLTIMA TRANSACCIÓN
campo de control 20230906182515.0
007 - CAMPO FIJO DE DESCRIPCIÓN FÍSICA--INFORMACIÓN GENERAL
campo de control de longitud fija t|
008 - DATOS DE LONGITUD FIJA--INFORMACIÓN GENERAL
campo de control de longitud fija 050912s1973 sp ||||1| spa d
100 1# - ENTRADA PRINCIPAL--NOMBRE DE PERSONA
Nombre de persona Martín Serrano, Manuel.
9 (RLIN) 77663
245 10 - MENCIÓN DEL TÍTULO
Título Propuesta de un modelo del espacio y la relación para investigar el cambio social, y aplicación al análisis sociológico del complejo de Edipo. /
Mención de responsabilidad, etc. Manuel Martín Serrano.
260 ## - PUBLICACIÓN, DISTRIBUCIÓN, ETC.
Lugar de publicación, distribución, etc. Madrid :
Nombre del editor, distribuidor, etc. IMNASA,
Fecha de publicación, distribución, etc. 1973.
300 ## - DESCRIPCIÓN FÍSICA
Extensión 15 h. ;
Dimensiones 24 cm.
500 ## - NOTA GENERAL
Nota general Es tirada aparte de "Revista Española de la Opinión Pública", nº 33.
852 ## - LOCALIZACIÓN
Ubicación ES-MaACL
Número de control de estantería 2091-F-4
Sublocalización o colección R.90459
Holdings
Estatus retirado Estado de pérdida Estado de daño No para préstamo Colección Biblioteca de origen Biblioteca actual Ubicación en estantería Fecha de adquisición Fuente de adquisición Total de préstamos Signatura topográfica completa Código de barras Visto por última vez Precio de reemplazo Tipo de ítem Koha
        Colección de folletos Biblioteca del Ateneo de Madrid Biblioteca del Ateneo de Madrid Depósito folletos 17/01/2008     2091-F-4 1103887 23/02/2023 23/02/2023 Folleto